LEADER 01516nam 2200505 a 450 001 9910779784403321 005 20200520144314.0 010 $a1-62257-015-4 035 $a(CKB)2550000001043377 035 $a(EBL)3021463 035 $a(SSID)ssj0000883561 035 $a(PQKBManifestationID)12383672 035 $a(PQKBTitleCode)TC0000883561 035 $a(PQKBWorkID)10924972 035 $a(PQKB)11444234 035 $a(MiAaPQ)EBC3021463 035 $a(Au-PeEL)EBL3021463 035 $a(CaPaEBR)ebr10683121 035 $a(OCoLC)836864183 035 $a(EXLCZ)992550000001043377 100 $a20101203d2011 uy 0 101 0 $aeng 135 $aur|n|---||||| 181 $ctxt 182 $cc 183 $acr 200 00$aPulsars$b[electronic resource] $ediscoveries, functions, and formation /$fPeter A. Travelle, editor 210 $aHauppauge, N.Y. $cNova Science Publishers$dc2011 215 $a1 online resource (204 p.) 225 1 $aSpace science, exploration and policies 300 $aDescription based upon print version of record. 311 $a1-61122-982-0 320 $aIncludes bibliographical references and index. 410 0$aSpace science, exploration and policies series. 606 $aPulsars 615 0$aPulsars. 676 $a523.8/874 701 $aTravelle$b Peter A$01564996 801 0$bMiAaPQ 801 1$bMiAaPQ 801 2$bMiAaPQ 906 $aBOOK 912 $a9910779784403321 996 $aPulsars$93834321 997 $aUNINA LEADER 02750nam 2200625 450 001 9910788606803321 005 20170918214617.0 010 $a1-4704-0547-4 035 $a(CKB)3360000000464345 035 $a(EBL)3113656 035 $a(SSID)ssj0000910357 035 $a(PQKBManifestationID)11595671 035 $a(PQKBTitleCode)TC0000910357 035 $a(PQKBWorkID)10930998 035 $a(PQKB)10009841 035 $a(MiAaPQ)EBC3113656 035 $a(RPAM)333049 035 $a(PPN)195410440 035 $a(EXLCZ)993360000000464345 100 $a20751028h19751975 uy| 0 101 0 $aeng 135 $aur|n|---||||| 181 $ctxt 182 $cc 183 $acr 200 10$aAlmost sure invariance principles for partial sums of weakly dependent random variables /$fWalter Philipp and William Stout 210 1$aProvidence, Rhode Island :$cAmerican Mathematical Society,$d[1975] 210 4$dİ1975 215 $a1 online resource (145 p.) 225 1 $aMemoirs of the American Mathematical Society,$x0065-9266 ;$vvolume 2, issue 2, number 161 (July 1975) 300 $a"Volume 2, issue 2." 311 $a0-8218-1861-9 320 $aIncludes bibliographical references. 327 $a""Table of Contents""; ""Chapter 1. Introduction""; ""Chapter 2. Description of the Method""; ""Chapter 3. Lacunary Trigonometric Series with Unweighted Summands""; ""Chapter 4. Stationary I??-mixing Sequences""; ""Chapter 5. Gaussian Sequences""; ""Chapter 6. Lacunary Trigonometric Series with Weights""; ""Chapter 7. Functions of Strongly Mixing Random Variables""; ""Chapter 8. Nonstationary Mixing Sequences""; ""Chapter 9. A Refinement of the Shannon-McMillan-Breiman Theorem""; ""Chapter 10. Markov Sequences""; ""Chapter 11. Retarded Asymptotic Martingale Difference Sequences"" 327 $a""Chapter 12. Continuous Parameter Stochastic Processes""""Appendix 1. The Gaal-Koksma Strong Law of Large Numbers""; ""Appendix 2. An Example""; ""References"" 410 0$aMemoirs of the American Mathematical Society ;$vnumber 161. 606 $aRandom variables 606 $aPartial sums (Series) 606 $aSequences (Mathematics) 606 $aStochastic processes 615 0$aRandom variables. 615 0$aPartial sums (Series) 615 0$aSequences (Mathematics) 615 0$aStochastic processes. 676 $a510/.8 s 676 $a519.2 700 $aPhilipp$b Walter$f1936-$01542969 702 $aStout$b William F.$f1940- 801 0$bMiAaPQ 801 1$bMiAaPQ 801 2$bMiAaPQ 906 $aBOOK 912 $a9910788606803321 996 $aAlmost sure invariance principles for partial sums of weakly dependent random variables$93838638 997 $aUNINA